000 00422nam a2200145Ia 4500
008 231129s2004||||xx |||||||||||||| ||spa||
020 _a958-04-7856-2
040 _bspa
082 _a370.114 Y26v
100 _aYarce Jorge
245 0 _aValor para vivir los valores: Cómo formar a los hijos con un sólido sentido ético
260 _c2004
264 _aNorma
942 _2ddc
_cBKS
999 _c26106
_d26106